000 00645nam a2200193 a 4500
001 000048582
005 20201002061244.0
008 190401s2015 dr a r 000 0 spa d
020 _a9789945471908
040 _aDO-SdBNP
_bspa
_cBNPHU
082 _axxxx
_bP579P
100 1 _aPiña Cámpora, Tony,
_d1945-
_976031
245 1 0 _aPedro el grande :
_bcronología de una carrera ejemplar /
_cTony Piña Cámpora ; prólogo Héctor J.
260 _aSanto Domingo :
_bAmigo del hogar,
_c2015.
300 _a234 p. :
_bil. ;
_c23 cm.
504 _aBibliografía : p. 235
590 _aInventariado, 2019/BT
700 1 _aCruz, Héctor J.,
_epról.
_945957
999 _c48070
_d48070